000 01327nam a2200325 c 4500
003 BLK
005 20180420215156.0
008 180413b bul|||||r ||||||| ||bul||
010 _aKNG00018428000
020 _a954-527-061-6
_bиздат.: Дамян Яков
040 _aBLK
041 _aBUL
_cBUL
080 _aИкономическо развитие
_b330.34
_x
_z330.34
080 _aУправление на стопанството в условията на пазарно стопанство
_b338.242
_x
_z338.242
100 1 _aФридман, Милтън
_eпърви автор
_9251773
139 _aФридман, Милтън
_bФ 83
245 1 0 _aСвободата на избора
_bЛична декларация
_cМилтън Фридман.
257 _aUSA
260 София
_bДамян Яков
_c1997
_fВ. Търново : Абагар
300 _a480 с.
_c22 см
380 _a3
500 _aОриг. загл. Free to choose / Milton, Rose Friedman. - 1 000 тир.
650 4 _aИкономическо развитие - капиталистически страни
_9261195
650 4 _aПазарна икономика
_9243192
852 _aЦб 193983
856 4 _qpdf
_u
856 4 _qpdf
_u
942 _cKNG
_n0
944 _aCR
_c15.01.2003
_kКети_Илиева
944 _aED
_c01.02.2006
_k
999 _c16549
_d16549